[Event "Stay Safe Play From Home 237"]
[Site "Emanuel Lasker Arena"]
[Date "2020.06.18"]
[Round "3"]
[White "Tunca"]
[Black "Katianet"]
[Result "0-1"]
[WhiteElo "1645"]
[BlackElo "1511"]
[Annotator "NA RC"]
[PlyCount "66"]
[EventDate "2020.06.18"]
[EventType "swiss (blitz)"]

1. e4 {[%emt 0:00:04]} e6 {[%emt 0:00:00]} 2. d4 {[%emt 0:00:02]} d5 {[%emt 0:00:01]} 3. Nd2 {[%emt 0:00:07]} Nf6 {[%emt 0:00:01]} 4. e5 {[%emt 0:00:06]} Nfd7 {[%emt 0:00:01]} 5. Bd3 {[%emt 0:00:05]} a6 {[%emt 0:00:01]} 6. Ne2 {[%emt 0:00:04]} c5 {[%emt 0:00:00]} 7. c3 {[%emt 0:00:01]} cxd4 {[%emt 0:00:02]} 8. cxd4 {[%emt 0:00:00]} Nc6 {[%emt 0:00:01]} 9. O-O {[%emt 0:00:06]} Be7 {[%emt 0:00:01]} 10. Nf3 {[%emt 0:00:02]} O-O {[%emt 0:00:03]} 11. Ng3 {[%emt 0:00:01]} f5 {[%emt 0:00:01]} 12. Bd2 {[%emt 0:00:23]} b5 {[%emt 0:00:11]} 13. Rc1 {[%emt 0:00:06]} Na5 {[%emt 0:00:06]} 14. b3 {[%emt 0:00:30]} Bb7 {[%emt 0:00:05]} 15. Ne2 {[%emt 0:00:01]} Rc8 {[%emt 0:00:02]} 16. Nf4 {[%emt 0:00:02]} Rxc1 {[%emt 0:00:06]} 17. Qxc1 {[%emt 0:00:00]} Qb6 {[%emt 0:00:11]} 18. Bxa5 {[%emt 0:00:28]} Qxa5 {[%emt 0:00:01]} 19. Nxe6 {[%emt 0:00:01]} Rc8 {[%emt 0:00:01]} 20. Qb1 {[%emt 0:00:05]} Nf8 {[%emt 0:00:04]} 21. Bxf5 {[%emt 0:00:02]} g6 {[%emt 0:00:04]} 22. Nxf8 {[%emt 0:00:13]} gxf5 {[%emt 0:00:06]} 23. Ne6 {[%emt 0:00:01]} Kf7 {[%emt 0:00:13]} 24. Qxf5+ {[%emt 0:00:04]} Ke8 {[%emt 0:00:00]} 25. Nfg5 {[%emt 0:00:03]} Bxg5 {[%emt 0:00:12]} 26. Nxg5 {[%emt 0:00:00]} Rc7 {[%emt 0:00:07]} 27. e6 {[%emt 0:00:03]} Qb4 {[%emt 0:00:05]} 28. Nxh7 {[%emt 0:00:05]} Qe7 {[%emt 0:00:02]} 29. Nf6+ {[%emt 0:00:01]} Kd8 {[%emt 0:00:02]} 30. Re1 {[%emt 0:00:01]} Kc8 {[%emt 0:00:14]} 31. Nd7 {[%emt 0:00:01]} Rxd7 {[%emt 0:00:04]} 32. exd7+ {[%emt 0:00:01]} Qxd7 {[%emt 0:00:04]} 33. Re7 {[%emt 0:00:00]} Qxf5 {[%emt 0:00:03] Tunca resigns (Lag: Av=0.39s, max=3.5s)} 0-1

[Event "Stay Safe Play From Home 237"]
[Site "Emanuel Lasker Arena"]
[Date "2020.06.18"]
[Round "4"]
[White "Dukic"]
[Black "BrainThinker22"]
[Result "0-1"]
[WhiteElo "1924"]
[BlackElo "2085"]
[Annotator "NA RC"]
[PlyCount "76"]
[EventDate "2020.06.18"]
[EventType "swiss (blitz)"]

1. c4 {[%emt 0:00:04]} e5 {[%emt 0:00:01]} 2. Nc3 {[%emt 0:00:02]} Nc6 {[%emt 0:00:00]} 3. Nf3 {[%emt 0:00:01]} g6 {[%emt 0:00:00]} 4. d4 {[%emt 0:00:02]} exd4 {[%emt 0:00:01]} 5. Nxd4 {[%emt 0:00:01]} Bg7 {[%emt 0:00:00]} 6. Nc2 {[%emt 0:00:01]} d6 {[%emt 0:00:02]} 7. Qd2 {[%emt 0:00:03]} h6 {[%emt 0:00:02]} 8. b3 {[%emt 0:00:01]} Nge7 {[%emt 0:00:01]} 9. Bb2 {[%emt 0:00:01]} O-O {[%emt 0:00:00]} 10. g3 {[%emt 0:00:01]} f5 {[%emt 0:00:01]} 11. Bg2 {[%emt 0:00:01]} Be6 {[%emt 0:00:01]} 12. O-O {[%emt 0:00:02]} Qd7 {[%emt 0:00:01]} 13. Rfd1 {[%emt 0:00:03]} g5 {[%emt 0:00:01]} 14. Ne3 {[%emt 0:00:02]} Ng6 {[%emt 0:00:10]} 15. c5 {[%emt 0:00:03]} Rad8 {[%emt 0:00:04]} 16. cxd6 {[%emt 0:00:03]} cxd6 {[%emt 0:00:00]} 17. Ned5 {[%emt 0:00:05]} f4 {[%emt 0:00:05]} 18. Ne4 {[%emt 0:00:07]} Nce5 {[%emt 0:00:20]} 19. gxf4 {[%emt 0:00:35]} Nxf4 {[%emt 0:00:05]} 20. Nxf4 {[%emt 0:00:04]} Rxf4 {[%emt 0:00:00]} 21. Qxd6 {[%emt 0:00:14]} Qxd6 {[%emt 0:00:15]} 22. Rxd6 {[%emt 0:00:02]} Rxd6 {[%emt 0:00:01]} 23. Nxd6 {[%emt 0:00:01]} Nf3+ {[%emt 0:00:04]} 24. Bxf3 {[%emt 0:00:03]} Bxb2 {[%emt 0:00:01]} 25. Rd1 {[%emt 0:00:02]} b6 {[%emt 0:00:09]} 26. Nb5 {[%emt 0:00:08]} Be5 {[%emt 0:00:19]} 27. Bd5 {[%emt 0:00:10]} Kf7 {[%emt 0:00:13]} 28. f3 {[%emt 0:00:08]} a6 {[%emt 0:00:07]} 29. Bxe6+ {[%emt 0:00:11]} Kxe6 {[%emt 0:00:00]} 30. Na3 {[%emt 0:00:05]} b5 {[%emt 0:00:01]} 31. Nc2 {[%emt 0:00:03]} a5 {[%emt 0:00:11]} 32. Kf2 {[%emt 0:00:11]} a4 {[%emt 0:00:01]} 33. bxa4 {[%emt 0:00:03]} Rxa4 {[%emt 0:00:03]} 34. a3 {[%emt 0:00:05]} Rc4 {[%emt 0:00:04]} 35. Nb4 {[%emt 0:00:04]} Bd6 {[%emt 0:00:02]} 36. Rb1 {[%emt 0:00:04]} Bxb4 {[%emt 0:00:03]} 37. Rxb4 {[%emt 0:00:02]} Rxb4 {[%emt 0:00:01]} 38. axb4 {[%emt 0:00:01]} Kd5 {[%emt 0:00:00] Zeit (Lag: Av=0.31s, max=0.7s)} 0-1

[Event "Stay Safe Play From Home 237"]
[Site "Emanuel Lasker Arena"]
[Date "2020.06.18"]
[Round "4"]
[White "Haris kollari 13"]
[Black "Greblha"]
[Result "1/2-1/2"]
[WhiteElo "1836"]
[BlackElo "1929"]
[Annotator "NA RC"]
[PlyCount "140"]
[EventDate "2020.06.18"]
[EventType "swiss (blitz)"]

1. e4 {[%emt 0:00:01]} c6 {[%emt 0:00:01]} 2. f4 {[%emt 0:00:02]} d5 {[%emt 0:00:00]} 3. e5 {[%emt 0:00:01]} g6 {[%emt 0:00:02]} 4. d4 {[%emt 0:00:01]} h5 {[%emt 0:00:01]} 5. c3 {[%emt 0:00:02]} Nh6 {[%emt 0:00:01]} 6. Bd3 {[%emt 0:00:02]} Bf5 {[%emt 0:00:01]} 7. Nf3 {[%emt 0:00:01]} Bxd3 {[%emt 0:00:01]} 8. Qxd3 {[%emt 0:00:01]} Nf5 {[%emt 0:00:01]} 9. O-O {[%emt 0:00:05]} e6 {[%emt 0:00:01]} 10. Bd2 {[%emt 0:00:04]} Nd7 {[%emt 0:00:02]} 11. b4 {[%emt 0:00:01]} Be7 {[%emt 0:00:01]} 12. a4 {[%emt 0:00:01]} b6 {[%emt 0:00:01]} 13. Na3 {[%emt 0:00:01]} O-O {[%emt 0:00:01]} 14. Nc2 {[%emt 0:00:01]} c5 {[%emt 0:00:01]} 15. b5 {[%emt 0:00:05]} cxd4 {[%emt 0:00:03]} 16. cxd4 {[%emt 0:00:01]} Rc8 {[%emt 0:00:04]} 17. Rfc1 {[%emt 0:00:06]} Rc4 {[%emt 0:00:11]} 18. Ne3 {[%emt 0:00:02]} Nxe3 {[%emt 0:00:03]} 19. Bxe3 {[%emt 0:00:01]} Rxc1+ {[%emt 0:00:17]} 20. Rxc1 {[%emt 0:00:01]} Qb8 {[%emt 0:00:21]} 21. Qc3 {[%emt 0:00:01]} Rd8 {[%emt 0:00:11]} 22. Qc7 {[%emt 0:00:05]} Qa8 {[%emt 0:00:21]} 23. h3 {[%emt 0:00:03]} Kf8 {[%emt 0:00:01]} 24. g4 {[%emt 0:00:02]} hxg4 {[%emt 0:00:05]} 25. hxg4 {[%emt 0:00:01]} Ke8 {[%emt 0:00:01]} 26. Kg2 {[%emt 0:00:06]} Nf8 {[%emt 0:00:01]} 27. f5 {[%emt 0:00:08]} Rd7 {[%emt 0:00:03]} 28. Qc8+ {[%emt 0:00:03]} Qxc8 {[%emt 0:00:02]} 29. Rxc8+ {[%emt 0:00:02]} Rd8 {[%emt 0:00:01]} 30. Rc7 {[%emt 0:00:16]} Ra8 {[%emt 0:00:05]} 31. f6 {[%emt 0:00:01]} Bd8 {[%emt 0:00:01]} 32. Rc6 {[%emt 0:00:02]} Kd7 {[%emt 0:00:03]} 33. Ng5 {[%emt 0:00:02]} Ke8 {[%emt 0:00:01]} 34. Bd2 {[%emt 0:00:05]} Nd7 {[%emt 0:00:01]} 35. Bb4 {[%emt 0:00:03]} Nb8 {[%emt 0:00:01]} 36. Rc8 {[%emt 0:00:02]} Kd7 {[%emt 0:00:03]} 37. Rc2 {[%emt 0:00:09]} Ke8 {[%emt 0:00:01]} 38. Bd6 {[%emt 0:00:06]} a6 {[%emt 0:00:01]} 39. Rc8 {[%emt 0:00:03]} axb5 {[%emt 0:00:04]} 40. Rxb8 {[%emt 0:00:02]} Rxa4 {[%emt 0:00:01]} 41. Bc7 {[%emt 0:00:03]} Kd7 {[%emt 0:00:02]} 42. Bxd8 {[%emt 0:00:02]} Rxd4 {[%emt 0:00:04]} 43. Bxb6 {[%emt 0:00:02]} Rxg4+ {[%emt 0:00:01]} 44. Kf3 {[%emt 0:00:02]} Rxg5 {[%emt 0:00:01]} 45. Bc5 {[%emt 0:00:03]} Rxe5 {[%emt 0:00:05]} 46. Be7 {[%emt 0:00:07]} Re4 {[%emt 0:00:04]} 47. Rxb5 {[%emt 0:00:02]} Kc6 {[%emt 0:00:01]} 48. Rb8 {[%emt 0:00:01]} Re5 {[%emt 0:00:02]} 49. Rf8 {[%emt 0:00:01]} Rf5+ {[%emt 0:00:00]} 50. Kg4 {[%emt 0:00:02]} e5 {[%emt 0:00:01]} 51. Rxf7 {[%emt 0:00:01]} d4 {[%emt 0:00:01]} 52. Rg7 {[%emt 0:00:04]} d3 {[%emt 0:00:01]} 53. Rxg6 {[%emt 0:00:04]} d2 {[%emt 0:00:01]} 54. Kxf5 {[%emt 0:00:01]} d1=Q {[%emt 0:00:02]} 55. Kxe5 {[%emt 0:00:00]} Qd5+ {[%emt 0:00:02]} 56. Kf4 {[%emt 0:00:02]} Qd4+ {[%emt 0:00:01]} 57. Kg5 {[%emt 0:00:01]} Qe3+ {[%emt 0:00:01]} 58. Kh5 {[%emt 0:00:01]} Qh3+ {[%emt 0:00:02]} 59. Kg5 {[%emt 0:00:01]} Kd7 {[%emt 0:00:00]} 60. Rg7 {[%emt 0:00:04]} Qg3+ {[%emt 0:00:01]} 61. Kh6 {[%emt 0:00:01]} Ke8 {[%emt 0:00:01]} 62. Rg8+ {[%emt 0:00:02]} Kf7 {[%emt 0:00:01]} 63. Rf8+ {[%emt 0:00:01]} Ke6 {[%emt 0:00:00]} 64. Bd8 {[%emt 0:00:02]} Qh4+ {[%emt 0:00:01]} 65. Kg6 {[%emt 0:00:02]} Qg4+ {[%emt 0:00:00]} 66. Kh7 {[%emt 0:00:02]} Qh4+ {[%emt 0:00:00]} 67. Kg7 {[%emt 0:00:01]} Qg4+ {[%emt 0:00:00]} 68. Kh6 {[%emt 0:00:01]} Qh4+ {[%emt 0:00:01]} 69. Kg6 {[%emt 0:00:00]} Qg4+ {[%emt 0:00:00]} 70. Kh6 {[%emt 0:00:01]} Qh4+ {[%emt 0:00:00] (Lag: Av=0.45s, max=0.7s)} 1/2-1/2

[Event "Stay Safe Play From Home 237"]
[Site "Emanuel Lasker Arena"]
[Date "2020.06.18"]
[Round "4"]
[White "Timbre"]
[Black "Tunca"]
[Result "0-1"]
[WhiteElo "1678"]
[BlackElo "1622"]
[Annotator "NA RC"]
[PlyCount "86"]
[EventDate "2020.06.18"]
[EventType "swiss (blitz)"]

1. d4 {[%emt 0:00:09]} d5 {[%emt 0:00:05]} 2. Nf3 {[%emt 0:00:03]} g6 {[%emt 0:00:05]} 3. c3 {[%emt 0:00:01]} Bg7 {[%emt 0:00:01]} 4. Bf4 {[%emt 0:00:01]} c5 {[%emt 0:00:02]} 5. e3 {[%emt 0:00:01]} Nc6 {[%emt 0:00:01]} 6. Nbd2 {[%emt 0:00:01]} Nf6 {[%emt 0:00:01]} 7. Be2 {[%emt 0:00:01]} c4 {[%emt 0:00:14]} 8. a3 {[%emt 0:00:02]} O-O {[%emt 0:00:03]} 9. Ne5 {[%emt 0:00:01]} Bf5 {[%emt 0:00:10]} 10. h3 {[%emt 0:00:08]} Re8 {[%emt 0:00:09]} 11. g4 {[%emt 0:00:05]} Be6 {[%emt 0:00:12]} 12. g5 {[%emt 0:00:15]} Nd7 {[%emt 0:00:04]} 13. Nxd7 {[%emt 0:00:03]} Qxd7 {[%emt 0:00:04]} 14. h4 {[%emt 0:00:04]} Bf5 {[%emt 0:00:03]} 15. h5 {[%emt 0:00:03]} e5 {[%emt 0:00:02]} 16. dxe5 {[%emt 0:00:04]} Nxe5 {[%emt 0:00:00]} 17. Nf3 {[%emt 0:00:06]} Nd3+ {[%emt 0:00:05]} 18. Bxd3 {[%emt 0:00:02]} Bxd3 {[%emt 0:00:00]} 19. h6 {[%emt 0:00:05]} Bh8 {[%emt 0:00:04]} 20. Qd2 {[%emt 0:00:02]} Be4 {[%emt 0:00:24]} 21. Qe2 {[%emt 0:00:10]} Qg4 {[%emt 0:00:01]} 22. Nd4 {[%emt 0:00:19]} Qxe2+ {[%emt 0:00:03]} 23. Kxe2 {[%emt 0:00:01]} Bxh1 {[%emt 0:00:07]} 24. Rxh1 {[%emt 0:00:03]} Re4 {[%emt 0:00:04]} 25. Rd1 {[%emt 0:00:04]} Bxd4 {[%emt 0:00:02]} 26. cxd4 {[%emt 0:00:06]} Rc8 {[%emt 0:00:17]} 27. Rc1 {[%emt 0:00:03]} Kf8 {[%emt 0:00:03]} 28. Rc3 {[%emt 0:00:03]} Rc6 {[%emt 0:00:02]} 29. f3 {[%emt 0:00:09]} Re8 {[%emt 0:00:05]} 30. Kf2 {[%emt 0:00:04]} Ke7 {[%emt 0:00:05]} 31. Kg3 {[%emt 0:00:03]} Ke6 {[%emt 0:00:00]} 32. Be5 {[%emt 0:00:02]} b5 {[%emt 0:00:04]} 33. e4 {[%emt 0:00:02]} Rec8 {[%emt 0:00:02]} 34. exd5+ {[%emt 0:00:06]} Kxd5 {[%emt 0:00:00]} 35. Kg4 {[%emt 0:00:04]} a5 {[%emt 0:00:00]} 36. f4 {[%emt 0:00:04]} b4 {[%emt 0:00:00]} 37. axb4 {[%emt 0:00:02]} axb4 {[%emt 0:00:00]} 38. Rf3 {[%emt 0:00:04]} c3 {[%emt 0:00:01]} 39. bxc3 {[%emt 0:00:02]} Rxc3 {[%emt 0:00:00]} 40. Rf2 {[%emt 0:00:03]} b3 {[%emt 0:00:01]} 41. f5 {[%emt 0:00:02]} Rc2 {[%emt 0:00:01]} 42. Rf3 {[%emt 0:00:03]} b2 {[%emt 0:00:01]} 43. fxg6 {[%emt 0:00:02]} b1=Q {[%emt 0:00:02] Time (Lag: Av=0.32s, max=0.7s) .} 0-1

[Event "Stay Safe Play From Home 237"]
[Site "Emanuel Lasker Arena"]
[Date "2020.06.18"]
[Round "4"]
[White "Klasman"]
[Black "Shyamph1980"]
[Result "0-1"]
[WhiteElo "1638"]
[BlackElo "1602"]
[Annotator "NA RC"]
[PlyCount "56"]
[EventDate "2020.06.18"]
[EventType "swiss (blitz)"]

1. f4 {[%emt 0:00:02]} b6 {[%emt 0:00:02]} 2. e4 {[%emt 0:00:02]} Bb7 {[%emt 0:00:01]} 3. Nc3 {[%emt 0:00:01]} g6 {[%emt 0:00:02]} 4. d4 {[%emt 0:00:01]} Bg7 {[%emt 0:00:01]} 5. Nf3 {[%emt 0:00:01]} e6 {[%emt 0:00:03]} 6. e5 {[%emt 0:00:03]} Ne7 {[%emt 0:00:01]} 7. Bd3 {[%emt 0:00:02]} O-O {[%emt 0:00:02]} 8. O-O {[%emt 0:00:01]} d6 {[%emt 0:00:01]} 9. g4 {[%emt 0:00:03]} Nd7 {[%emt 0:00:03]} 10. Be3 {[%emt 0:00:06]} Rc8 {[%emt 0:00:17]} 11. Qe2 {[%emt 0:00:03]} c5 {[%emt 0:00:08]} 12. exd6 {[%emt 0:00:05]} Nd5 {[%emt 0:00:03]} 13. Nxd5 {[%emt 0:00:04]} exd5 {[%emt 0:00:03]} 14. Ne5 {[%emt 0:00:05]} Nf6 {[%emt 0:00:14]} 15. d7 {[%emt 0:00:05]} Nxd7 {[%emt 0:00:03]} 16. Nxd7 {[%emt 0:00:08]} Qxd7 {[%emt 0:00:02]} 17. dxc5 {[%emt 0:00:08]} bxc5 {[%emt 0:00:02]} 18. f5 {[%emt 0:00:17]} Rfe8 {[%emt 0:00:07]} 19. Qf2 {[%emt 0:00:10]} d4 {[%emt 0:00:03]} 20. Bd2 {[%emt 0:00:07]} Qd5 {[%emt 0:00:08]} 21. Qg3 {[%emt 0:00:21]} Be5 {[%emt 0:00:10]} 22. Bf4 {[%emt 0:00:04]} Qh1+ {[%emt 0:00:08]} 23. Kf2 {[%emt 0:00:03]} Qd5 {[%emt 0:00:02]} 24. Bxe5 {[%emt 0:00:07]} Rxe5 {[%emt 0:00:01]} 25. Rfe1 {[%emt 0:00:09]} Rce8 {[%emt 0:00:03]} 26. fxg6 {[%emt 0:00:08]} fxg6 {[%emt 0:00:03]} 27. Rxe5 {[%emt 0:00:04]} Rxe5 {[%emt 0:00:03]} 28. Re1 {[%emt 0:00:03]} Qf7+ {[%emt 0:00:07] Time (Lag: Av=0.64s, max=1.1s)} 0-1

[Event "Stay Safe Play From Home 237"]
[Site "Emanuel Lasker Arena"]
[Date "2020.06.18"]
[Round "4"]
[White "Edmatuag"]
[Black "Buzaglo"]
[Result "0-1"]
[WhiteElo "1629"]
[BlackElo "1739"]
[Annotator "NA RC"]
[PlyCount "120"]
[EventDate "2020.06.18"]
[EventType "swiss (blitz)"]

1. e4 {[%emt 0:00:02]} e5 {[%emt 0:00:01]} 2. Nf3 {[%emt 0:00:01]} d6 {[%emt 0:00:01]} 3. Bc4 {[%emt 0:00:01]} Be7 {[%emt 0:00:01]} 4. c3 {[%emt 0:00:01]} Nf6 {[%emt 0:00:01]} 5. Qe2 {[%emt 0:00:02]} O-O {[%emt 0:00:01]} 6. d3 {[%emt 0:00:01]} c6 {[%emt 0:00:02]} 7. h3 {[%emt 0:00:01]} d5 {[%emt 0:00:01]} 8. Bb3 {[%emt 0:00:02]} dxe4 {[%emt 0:00:03]} 9. dxe4 {[%emt 0:00:02]} a5 {[%emt 0:00:03]} 10. Nxe5 {[%emt 0:00:04]} a4 {[%emt 0:00:01]} 11. Bc2 {[%emt 0:00:06]} Re8 {[%emt 0:00:04]} 12. O-O {[%emt 0:00:10]} Bc5 {[%emt 0:00:06]} 13. Bf4 {[%emt 0:00:09]} Nbd7 {[%emt 0:00:21]} 14. Nxd7 {[%emt 0:00:03]} Bxd7 {[%emt 0:00:00]} 15. Nd2 {[%emt 0:00:10]} Qb6 {[%emt 0:00:04]} 16. Nc4 {[%emt 0:00:04]} Qa7 {[%emt 0:00:06]} 17. Bd6 {[%emt 0:00:11]} b5 {[%emt 0:00:04]} 18. Bxc5 {[%emt 0:00:05]} Qxc5 {[%emt 0:00:00]} 19. Nd2 {[%emt 0:00:02]} Qg5 {[%emt 0:00:09]} 20. Nf3 {[%emt 0:00:08]} Qf4 {[%emt 0:00:01]} 21. Rfe1 {[%emt 0:00:08]} Rad8 {[%emt 0:00:07]} 22. Qe3 {[%emt 0:00:04]} Qc7 {[%emt 0:00:02]} 23. Qc5 {[%emt 0:00:04]} Qf4 {[%emt 0:00:07]} 24. Qg5 {[%emt 0:00:05]} Qc7 {[%emt 0:00:17]} 25. Qh4 {[%emt 0:00:06]} h6 {[%emt 0:00:08]} 26. Rad1 {[%emt 0:00:04]} Be6 {[%emt 0:00:07]} 27. a3 {[%emt 0:00:06]} c5 {[%emt 0:00:10]} 28. e5 {[%emt 0:00:06]} Nh7 {[%emt 0:00:07]} 29. Bxh7+ {[%emt 0:00:03]} Kxh7 {[%emt 0:00:00]} 30. Qe4+ {[%emt 0:00:02]} Kg8 {[%emt 0:00:01]} 31. Rxd8 {[%emt 0:00:03]} Rxd8 {[%emt 0:00:00]} 32. Qe3 {[%emt 0:00:03]} Bc4 {[%emt 0:00:04]} 33. Nh4 {[%emt 0:00:06]} Be6 {[%emt 0:00:05]} 34. g4 {[%emt 0:00:02]} Qc6 {[%emt 0:00:02]} 35. Nf5 {[%emt 0:00:02]} Bxf5 {[%emt 0:00:01]} 36. gxf5 {[%emt 0:00:01]} Qd5 {[%emt 0:00:01]} 37. e6 {[%emt 0:00:01]} fxe6 {[%emt 0:00:02]} 38. Qxe6+ {[%emt 0:00:01]} Qxe6 {[%emt 0:00:01]} 39. fxe6 {[%emt 0:00:00]} Re8 {[%emt 0:00:01]} 40. f4 {[%emt 0:00:02]} Kf8 {[%emt 0:00:01]} 41. f5 {[%emt 0:00:01]} Ke7 {[%emt 0:00:00]} 42. Kf2 {[%emt 0:00:01]} Kf6 {[%emt 0:00:00]} 43. Rg1 {[%emt 0:00:04]} Kxf5 {[%emt 0:00:02]} 44. Rxg7 {[%emt 0:00:01]} Rxe6 {[%emt 0:00:00]} 45. Rc7 {[%emt 0:00:02]} Re5 {[%emt 0:00:01]} 46. Rb7 {[%emt 0:00:01]} c4 {[%emt 0:00:01]} 47. Rc7 {[%emt 0:00:02]} Kg5 {[%emt 0:00:01]} 48. Rg7+ {[%emt 0:00:02]} Kh4 {[%emt 0:00:01]} 49. Rg6 {[%emt 0:00:03]} h5 {[%emt 0:00:01]} 50. Kg2 {[%emt 0:00:03]} Re2+ {[%emt 0:00:01]} 51. Kf3 {[%emt 0:00:01]} Rxb2 {[%emt 0:00:03]} 52. Rb6 {[%emt 0:00:02]} Kxh3 {[%emt 0:00:01]} 53. Ke4 {[%emt 0:00:01]} h4 {[%emt 0:00:01]} 54. Kd4 {[%emt 0:00:01]} Kg3 {[%emt 0:00:01]} 55. Kc5 {[%emt 0:00:01]} h3 {[%emt 0:00:01]} 56. Rh6 {[%emt 0:00:01]} h2 {[%emt 0:00:01]} 57. Rg6+ {[%emt 0:00:01]} Kf2 {[%emt 0:00:01]} 58. Rh6 {[%emt 0:00:00]} Kg1 {[%emt 0:00:01]} 59. Rf6 {[%emt 0:00:00]} h1=Q {[%emt 0:00:02]} 60. Rg6+ {[%emt 0:00:00]} Qg2 {[%emt 0:00:00] Time (Lag: Av=0.62s, max=1.4s)} 0-1

[Event "Stay Safe Play From Home 237"]
[Site "Emanuel Lasker Arena"]
[Date "2020.06.18"]
[Round "4"]
[White "Katianet"]
[Black "Matanant"]
[Result "1-0"]
[WhiteElo "1534"]
[BlackElo "1789"]
[Annotator "NA RC"]
[PlyCount "105"]
[EventDate "2020.06.18"]
[EventType "swiss (blitz)"]

1. d4 {[%emt 0:00:01]} d5 {[%emt 0:00:02]} 2. Nf3 {[%emt 0:00:00]} Nf6 {[%emt 0:00:02]} 3. Bf4 {[%emt 0:00:00]} e6 {[%emt 0:00:02]} 4. e3 {[%emt 0:00:00]} Bd6 {[%emt 0:00:02]} 5. Bd3 {[%emt 0:00:02]} Ne4 {[%emt 0:00:03]} 6. Ne5 {[%emt 0:00:01]} f5 {[%emt 0:00:02]} 7. Qh5+ {[%emt 0:00:06]} g6 {[%emt 0:00:06]} 8. Nxg6 {[%emt 0:00:01]} Nf6 {[%emt 0:00:01]} 9. Qh6 {[%emt 0:00:02]} Rg8 {[%emt 0:00:04]} 10. Ne5 {[%emt 0:00:12]} Rxg2 {[%emt 0:00:03]} 11. Bg3 {[%emt 0:00:05]} Qe7 {[%emt 0:00:06]} 12. Kf1 {[%emt 0:00:02]} Bxe5 {[%emt 0:00:06]} 13. dxe5 {[%emt 0:00:02]} Ng4 {[%emt 0:00:03]} 14. Qh5+ {[%emt 0:00:02]} Kd8 {[%emt 0:00:07]} 15. Kxg2 {[%emt 0:00:01]} Qg7 {[%emt 0:00:06]} 16. Nd2 {[%emt 0:00:10]} Nxe5 {[%emt 0:00:02]} 17. Qh4+ {[%emt 0:00:08]} Kd7 {[%emt 0:00:07]} 18. Qd4 {[%emt 0:00:01]} Nbc6 {[%emt 0:00:03]} 19. Qf4 {[%emt 0:00:04]} Ng6 {[%emt 0:00:05]} 20. Qxc7+ {[%emt 0:00:02]} Ke8 {[%emt 0:00:03]} 21. Qxg7 {[%emt 0:00:01]} Bd7 {[%emt 0:00:03]} 22. Qxh7 {[%emt 0:00:02]} Nf8 {[%emt 0:00:02]} 23. Qh5+ {[%emt 0:00:07]} Kd8 {[%emt 0:00:03]} 24. Bd6 {[%emt 0:00:01]} Ne7 {[%emt 0:00:06]} 25. Qf7 {[%emt 0:00:05]} Nfg6 {[%emt 0:00:01]} 26. Bxe7+ {[%emt 0:00:04]} Nxe7 {[%emt 0:00:02]} 27. Rhg1 {[%emt 0:00:06]} Nc8 {[%emt 0:00:17]} 28. Kf3 {[%emt 0:00:05]} Kc7 {[%emt 0:00:06]} 29. Rg7 {[%emt 0:00:02]} Nb6 {[%emt 0:00:02]} 30. a4 {[%emt 0:00:04]} a5 {[%emt 0:00:02]} 31. Bb5 {[%emt 0:00:01]} Rd8 {[%emt 0:00:03]} 32. Nb3 {[%emt 0:00:09]} Kc8 {[%emt 0:00:02]} 33. Nc5 {[%emt 0:00:06]} e5 {[%emt 0:00:12]} 34. Nxd7 {[%emt 0:00:03]} e4+ {[%emt 0:00:02]} 35. Ke2 {[%emt 0:00:02]} Nxd7 {[%emt 0:00:05]} 36. Qxd7+ {[%emt 0:00:02]} Rxd7 {[%emt 0:00:02]} 37. Rxd7 {[%emt 0:00:01]} d4 {[%emt 0:00:04]} 38. Rg1 {[%emt 0:00:01]} Kb8 {[%emt 0:00:03]} 39. Rg8+ {[%emt 0:00:02]} Ka7 {[%emt 0:00:00]} 40. Rgg7 {[%emt 0:00:03]} Kb6 {[%emt 0:00:00]} 41. Rg6+ {[%emt 0:00:03]} Kc5 {[%emt 0:00:00]} 42. b3 {[%emt 0:00:02]} dxe3 {[%emt 0:00:03]} 43. fxe3 {[%emt 0:00:01]} b6 {[%emt 0:00:03]} 44. c3 {[%emt 0:00:05]} f4 {[%emt 0:00:04]} 45. Rc7+ {[%emt 0:00:01]} Kd5 {[%emt 0:00:02]} 46. Rg5+ {[%emt 0:00:04]} Ke6 {[%emt 0:00:02]} 47. exf4 {[%emt 0:00:00]} Kf6 {[%emt 0:00:02]} 48. Rc6+ {[%emt 0:00:01]} Kf7 {[%emt 0:00:01]} 49. Rd5 {[%emt 0:00:02]} Ke7 {[%emt 0:00:02]} 50. Rh5 {[%emt 0:00:02]} Kd7 {[%emt 0:00:05]} 51. Rh7+ {[%emt 0:00:00]} Kd8 {[%emt 0:00:01]} 52. Rg6 {[%emt 0:00:01]} e3 {[%emt 0:00:01]} 53. Rg8# {[%emt 0:00:01] (Lag: Av=0.57s, max=0.9s)} 1-0

[Event "Stay Safe Play From Home 237"]
[Site "Emanuel Lasker Arena"]
[Date "2020.06.18"]
[Round "5"]
[White "Lazieri3"]
[Black "BrainThinker22"]
[Result "1/2-1/2"]
[WhiteElo "2081"]
[BlackElo "2095"]
[Annotator "NA RC"]
[PlyCount "42"]
[EventDate "2020.06.18"]
[EventType "swiss (blitz)"]

1. e4 {[%emt 0:00:02]} c6 {[%emt 0:00:01]} 2. d4 {[%emt 0:00:01]} d5 {[%emt 0:00:00]} 3. Nc3 {[%emt 0:00:00]} dxe4 {[%emt 0:00:01]} 4. Nxe4 {[%emt 0:00:00]} Bf5 {[%emt 0:00:01]} 5. Ng3 {[%emt 0:00:01]} Bg6 {[%emt 0:00:00]} 6. Nf3 {[%emt 0:00:01]} Nd7 {[%emt 0:00:01]} 7. Bd3 {[%emt 0:00:00]} Bxd3 {[%emt 0:00:01]} 8. Qxd3 {[%emt 0:00:00]} e6 {[%emt 0:00:00]} 9. Bg5 {[%emt 0:00:02]} Qc7 {[%emt 0:00:07]} 10. O-O {[%emt 0:00:02]} Ngf6 {[%emt 0:00:01]} 11. c3 {[%emt 0:00:01]} Bd6 {[%emt 0:00:01]} 12. Ne4 {[%emt 0:00:05]} Nxe4 {[%emt 0:00:01]} 13. Qxe4 {[%emt 0:00:01]} h6 {[%emt 0:00:01]} 14. Bh4 {[%emt 0:00:02]} O-O {[%emt 0:00:01]} 15. Bg3 {[%emt 0:00:01]} Bxg3 {[%emt 0:00:01]} 16. hxg3 {[%emt 0:00:00]} Nf6 {[%emt 0:00:00]} 17. Qe5 {[%emt 0:00:01]} Qxe5 {[%emt 0:00:05]} 18. Nxe5 {[%emt 0:00:00]} Rad8 {[%emt 0:00:01]} 19. Rfe1 {[%emt 0:00:01]} Nd7 {[%emt 0:00:04]} 20. Nxd7 {[%emt 0:00:01]} Rxd7 {[%emt 0:00:01]} 21. Re5 {[%emt 0:00:01] BrainThinker22 offers a draw} b6 {[%emt 0:00:06]} 1/2-1/2

[Event "Stay Safe Play From Home 237"]
[Site "Emanuel Lasker Arena"]
[Date "2020.06.18"]
[Round "5"]
[White "Haris kollari 13"]
[Black "Dukic"]
[Result "0-1"]
[WhiteElo "1840"]
[BlackElo "1915"]
[Annotator "NA RC"]
[PlyCount "50"]
[EventDate "2020.06.18"]
[EventType "swiss (blitz)"]

1. e4 {[%emt 0:00:01]} c6 {[%emt 0:00:01]} 2. d4 {[%emt 0:00:01]} d6 {[%emt 0:00:01]} 3. f4 {[%emt 0:00:01]} Nd7 {[%emt 0:00:01]} 4. Nf3 {[%emt 0:00:01]} Qc7 {[%emt 0:00:01]} 5. Bd3 {[%emt 0:00:01]} e5 {[%emt 0:00:01]} 6. dxe5 {[%emt 0:00:02]} dxe5 {[%emt 0:00:02]} 7. f5 {[%emt 0:00:01]} Ngf6 {[%emt 0:00:03]} 8. h3 {[%emt 0:00:03]} b5 {[%emt 0:00:02]} 9. Be3 {[%emt 0:00:01]} a6 {[%emt 0:00:03]} 10. Nbd2 {[%emt 0:00:01]} c5 {[%emt 0:00:01]} 11. g4 {[%emt 0:00:07]} c4 {[%emt 0:00:02]} 12. Be2 {[%emt 0:00:01]} Bb7 {[%emt 0:00:01]} 13. Ng5 {[%emt 0:00:19]} h6 {[%emt 0:00:02]} 14. Ngf3 {[%emt 0:00:07]} Nxe4 {[%emt 0:00:02]} 15. Nxe4 {[%emt 0:00:02]} Bxe4 {[%emt 0:00:01]} 16. Qd2 {[%emt 0:00:01]} Rd8 {[%emt 0:00:03]} 17. O-O-O {[%emt 0:00:01]} Be7 {[%emt 0:00:06]} 18. h4 {[%emt 0:00:12]} b4 {[%emt 0:00:12]} 19. g5 {[%emt 0:00:08]} c3 {[%emt 0:00:03]} 20. bxc3 {[%emt 0:00:05]} bxc3 {[%emt 0:00:07]} 21. Qxd7+ {[%emt 0:00:15]} Rxd7 {[%emt 0:00:04]} 22. Rxd7 {[%emt 0:00:02]} Qxd7 {[%emt 0:00:09]} 23. Nxe5 {[%emt 0:00:04]} Ba3+ {[%emt 0:00:03]} 24. Kb1 {[%emt 0:00:05]} Qb7+ {[%emt 0:00:02]} 25. Ka1 {[%emt 0:00:01]} Qb2# {[%emt 0:00:01] (Lag: Av=0.44s, max=0.6s)} 0-1